Frenchiyar Aatchiyil Puducherry Mallalin Samooga Vaazhkkai 1674-1793 (Record no. 177953)

MARC details
000 -LEADER
fixed length control field 00404nam a22001697a 4500
005 - DATE AND TIME OF LATEST TRANSACTION
control field 20260619090105.0
020 ## - INTERNATIONAL STANDARD BOOK NUMBER
ISBN 9788123440347
041 ## - LANGUAGE CODE
Language code of text/sound track or separate title English
082 ## - DEWEY DECIMAL CLASSIFICATION NUMBER
Classification number T16 R25 STE
100 ## - MAIN ENTRY--AUTHOR NAME
Personal name Stephen Jeyaseela
245 ## - TITLE STATEMENT
Title Frenchiyar Aatchiyil Puducherry Mallalin Samooga Vaazhkkai 1674-1793
250 ## - EDITION STATEMENT
Edition statement 01
260 ## - PUBLICATION, DISTRIBUTION, ETC. (IMPRINT)
Place of publication Chennai
Name of publisher NCBH
Year of publication 2025
300 ## - PHYSICAL DESCRIPTION
Number of Pages 166
365 ## - TRADE PRICE
Price amount 160.00
942 ## - ADDED ENTRY ELEMENTS (KOHA)
Koha item type Books
Holdings
Withdrawn status Lost status Home library Current library Date acquired Cost, normal purchase price Full call number Accession Number Cost, replacement price Department Koha item type
    PSG-CAS LIBRARY PSG-CAS LIBRARY 19/06/2026 160.00 T16 R25 STE 154518 160.00 Tamil Books

Contact Us:

PSGCAS LIBRARY
Phone: 04224303300
Website: http://www.psgcas.ac.in/ | Email: psgcaslib@gmail.com


You are Visitor Number

web counter